Waluty Świata na Mapie - Statystyki

Ogólne statystyki
  • Ten quiz został rozwiązany 205 razy
    62 od ostatniego zresetowania
  • Średni wynik to 147 z 196
Odpowiedzi na mapie
Odpowiedzi zakodowano w zielono-czerwonej skali na mapie do tego quizu, zgodnie z poniższymi procentami.
 
Statystyki odpowiedzi
Europa Waluta % Poprawnych
Ekwador | Mikronezja | Palau | +6 others Dolar amerykański
100%
Australia | Kiribati | Nauru | Tuvalu Dolar australijski
100%
Bahamy Dolar bahamski
100%
Barbados Dolar barbadoski
100%
Belize Dolar belizeński
100%
Brunei Dolar brunejski
100%
Fidżi Dolar fidżyjski
100%
Gujana Dolar gujański
100%
Jamajka Dolar jamajski
100%
Kanada Dolar kanadyjski
100%
Liberia Dolar liberyjski
100%
Namibia Dolar namibijski
100%
Nowa Zelandia Dolar nowozelandzki
100%
Singapur Dolar singapurski
100%
Surinam Dolar surinamski
100%
Tajwan Dolar tajwański
100%
Trynidad i Tobago Dolar trynidadzki
100%
Antigua i Barbuda | Dominika | Grenada | +3 others Dolar wschodniokaraibski
100%
Wyspy Salomona Dolar Wysp Salomona
100%
Andora | Austria | Belgia | +24 others Euro
100%
Egipt Funt egipski
97%
Liban Funt libański
97%
Sudan Południowy Funt południowosudański
97%
Sudan Funt sudański
97%
Syria Funt syryjski
97%
Wielka Brytania Funt szterling
97%
Czechy Korona czeska
97%
Dania Korona duńska
97%
Islandia Korona islandzka
97%
Norwegia Korona norweska
97%
Szwecja Korona szwedzka
97%
Polska Złoty
97%
Japonia Jen
93%
Argentyna Peso argentyńskie
93%
Chile Peso chilijskie
93%
Dominikana Peso dominikańskie
93%
Filipiny Peso filipińskie
93%
Kolumbia Peso kolumbijskie
93%
Kuba Peso kubańskie
93%
Meksyk Peso meksykańskie
93%
Urugwaj Peso urugwajskie
93%
Białoruś Rubel białoruski
90%
Rosja Rubel rosyjski
90%
Burundi Frank burundyjski
83%
Benin | Burkina Faso | Czad | +13 others Frank CFA
83%
Komory Frank komoryjski
83%
Demokratyczna Republika Konga Frank kongijski
83%
Rwanda Frank rwandyjski
83%
Liechtenstein | Szwajcaria Frank szwajcarski
83%
Ukraina Hrywna
83%
Albania Lek
83%
Węgry Forint
79%
Chiny Juan
76%
Indonezja Rupia indonezyjska
76%
Bhutan | Indie Rupia indyjska
76%
Sri Lanka Rupia lankijska
76%
Malediwy Rupia malediwska
76%
Mauritius Rupia maurytyjska
76%
Nepal Rupia nepalska
76%
Pakistan Rupia pakistańska
76%
Seszele Rupia seszelska
76%
Korea Północna Won północnokoreański
76%
Korea Południowa Won południowokoreański
76%
Macedonia Północna Denar macedoński
72%
Algieria Dinar algierski
72%
Bahrajn Dinar bahrajński
72%
Irak Dinar iracki
72%
Jordania Dinar jordański
72%
Kuwejt Dinar kuwejcki
72%
Libia Dinar libijski
72%
Serbia Dinar serbski
72%
Tunezja Dinar tunezyjski
72%
Mołdawia Lej mołdawski
72%
Rumunia Lej rumuński
72%
Turcja Lira
72%
Brazylia Real
69%
Iran Rial irański
69%
Jemen Rial jemeński
69%
Katar Rial katarski
69%
Oman Rial omański
69%
Arabia Saudyjska Rial saudyjski
69%
Kambodża Riel
69%
Wenezuela Boliwar
66%
Tajlandia Bat
62%
Wietnam Dong
59%
Bośnia i Hercegowina Marka zamienna
59%
Izrael Nowy izraelski szekel
55%
Maroko Dirham marokański
48%
Zjednoczone Emiraty Arabskie Dirham ZEA
48%
Kenia Szyling kenijski
48%
Somalia Szyling somalijski
48%
Tanzania Szyling tanzański
48%
Uganda Szyling ugandyjski
48%
Kazachstan Tenge
48%
Afganistan Afgani
45%
Azerbejdżan Manat azerbejdżański
45%
Turkmenistan Manat turkmeński
45%
Republika Południowej Afryki Rand
45%
Uzbekistan Som uzbecki
45%
Madagaskar Ariary
41%
Ghana Cedi
41%
Republika Zielonego Przylądka Escudo
41%
Gruzja Lari
41%
Nigeria Naira
41%
Peru Sol
41%
Etiopia Birr
38%
Boliwia Boliviano
38%
Paragwaj Guarani
38%
Malezja Ringgit
38%
Kirgistan Som kirgiski
38%
Bangladesz Taka
38%
Armenia Dram
34%
Papua-Nowa Gwinea Kina
34%
Malawi Kwacha malawijska
34%
Zambia Kwacha zambijska
34%
Mongolia Tugrik
34%
Vanuatu Vatu
34%
Wyspy Świętego Tomasza i Książęca Dobra
31%
Sierra Leone Leone
31%
Kostaryka Colon
28%
Laos Kip
28%
Erytrea Nakfa
28%
Mauretania Ugija
28%
Nikaragua Cordoba oro
24%
Mjanma (Birma) Kiat
24%
Angola Kwanza
24%
Honduras Lempira
24%
Mozambik Metical
24%
Tadżykistan Somoni
24%
Haiti Gourde
21%
Tonga Pa'anga
21%
Botswana Pula
21%
Gwatemala Quetzal
21%
Lesotho Loti
17%
Samoa Tala
14%
Gambia Dalasi
10%
Eswatini (Suazi) Lilangeni
10%
Nie znaleziono quizów pasujących do podanych kryteriów
Rozkład punktacji
Procent ludzi z każdym wynikiem
Percentyl według liczby udzielonych odpowiedzi
Twoja historia wyników
Nie rozwiązałeś tego quizu od ostatniego zresetowania